[Event "Vlissingen HZ op 21st"]
[Site "Vlissingen"]
[Date "2017.08.08"]
[Round "5"]
[White "Sparreboom, Willem"]
[Black "Baarslag, Ed"]
[Result "0-1"]
[WhiteElo "1931"]
[BlackElo "2109"]
[PlyCount "74"]
[EventDate "2017.08.05"]
[EventType "swiss"]
[EventRounds "9"]
[EventCountry "NED"]
[SourceTitle "CBM 179 Extra"]
[Source "ChessBase"]
[SourceDate "2017.08.23"]
[SourceVersion "1"]
[SourceVersionDate "2017.08.23"]
[SourceQuality "1"]

1. d4 Nf6 2. Nf3 e6 3. c4 d5 4. Nc3 dxc4 5. Qa4+ Nbd7 6. Bg5 Be7 7. e3 0-0 8. Qxc4 a6 9. Bd3 b5 10. Qb3 c5 11. Qc2 Bb7 12. 0-0 Rc8 13. Qe2 c4 14. Bc2 b4 15. Nb1 Nd5 16. Bxe7 Qxe7 17. e4 Nf4 18. Qe3 Ng6 19. Re1 e5 20. d5 a5 21. Nfd2 Ba6 22. g3 Qc5 23. Nf1 Qd4 24. Qc1 Nc5 25. Ne3 Nd3 26. Bxd3 cxd3 27. Qd1 Qxe4 28. Nd2 Qd4 29. Qb3 e4 30. a3 Bb5 31. axb4 a4 32. Qa3 f5 33. Rac1 Rxc1 34. Rxc1 f4 35. gxf4 Nxf4 36. Kh1 Nh3 37. Qc3 Nxf2+ 0-1

[Event "Vlissingen HZ op 19th"]
[Site "Vlissingen"]
[Date "2015.08.02"]
[Round "2"]
[White "Sparreboom, Willem"]
[Black "Linster, Philippe"]
[Result "0-1"]
[WhiteElo "1958"]
[BlackElo "2219"]
[PlyCount "42"]
[EventDate "2015.08.01"]
[EventType "swiss"]
[EventRounds "9"]
[EventCountry "NED"]
[SourceTitle "CBM 167 Extra"]
[Source "ChessBase"]
[SourceDate "2015.09.14"]
[SourceVersion "1"]
[SourceVersionDate "2015.09.14"]
[SourceQuality "1"]

1. d4 Nf6 2. c4 e6 3. Nf3 b6 4. g3 Bb4+ 5. Bd2 Be7 6. Bg2 c6 7. 0-0 0-0 8. Qc2 d5 9. Ne5 Nfd7 10. f4 Ba6 11. cxd5 cxd5 12. Nd3 Bf6 13. Bc3 Nc6 14. Ne5 Rc8 15. Qd2 Ndxe5 16. dxe5 Be7 17. b4 d4 18. Bxc6 dxc3 19. Qxd8 Rfxd8 20. b5 Bxb5 21. Bxb5 c2 0-1

[Event "Leiden LCT op-A 7th"]
[Site "Leiden"]
[Date "2013.07.19"]
[Round "7"]
[White "Blom, Vincent"]
[Black "Sparreboom, Willem"]
[Result "1-0"]
[WhiteElo "2167"]
[BlackElo "1954"]
[PlyCount "45"]
[EventDate "2013.07.12"]
[EventType "swiss"]
[EventRounds "9"]
[EventCountry "NED"]
[SourceTitle "CBM 155 Extra"]
[Source "ChessBase"]
[SourceDate "2013.08.26"]
[SourceVersion "1"]
[SourceVersionDate "2013.08.26"]
[SourceQuality "1"]

1. d4 d5 2. c4 dxc4 3. e3 c6 4. Bxc4 Nf6 5. Nf3 Nbd7 6. 0-0 e6 7. Nc3 b5 8. Bd3 a6 9. e4 c5 10. e5 cxd4 11. Nxb5 Ng4 12. Nbxd4 Ngxe5 13. Nxe5 Nxe5 14. Be4 Ra7 15. Bf4 f6 16. Bxe5 fxe5 17. Nc6 Qxd1 18. Rfxd1 Rd7 19. Nxe5 Rc7 20. Rac1 Bd6 21. Rxc7 Bxc7 22. Rc1 Ke7 23. Rxc7+ 1-0

[Event "Leiden LCT op-A 7th"]
[Site "Leiden"]
[Date "2013.07.12"]
[Round "1"]
[White "Sparreboom, Willem"]
[Black "Van der Velden, Bram"]
[Result "1/2-1/2"]
[WhiteElo "1954"]
[BlackElo "2177"]
[PlyCount "40"]
[EventDate "2013.07.12"]
[EventType "swiss"]
[EventRounds "9"]
[EventCountry "NED"]
[SourceTitle "CBM 155 Extra"]
[Source "ChessBase"]
[SourceDate "2013.08.26"]
[SourceVersion "1"]
[SourceVersionDate "2013.08.26"]
[SourceQuality "1"]

1. d4 Nf6 2. c4 d6 3. Nf3 Nbd7 4. Qa4 g6 5. e3 Bg7 6. g3 0-0 7. Bg2 c6 8. Nc3 Nb6 9. Qb3 Be6 10. Nd2 Qd7 11. e4 Bh3 12. 0-0 Bxg2 13. Kxg2 Qc7 14. Nf3 e5 15. dxe5 dxe5 16. Be3 Rfe8 17. c5 Nbd7 18. h3 Nf8 19. Rfd1 Ne6 20. Qc4 h6 1/2-1/2

[Event "Vlissingen HZ op 16th"]
[Site "Vlissingen"]
[Date "2012.08.06"]
[Round "4"]
[White "Lacrosse, Marc"]
[Black "Sparreboom, Willem"]
[Result "1/2-1/2"]
[WhiteElo "2197"]
[BlackElo "1982"]
[PlyCount "84"]
[EventDate "2012.08.04"]
[EventType "swiss"]
[EventRounds "9"]
[EventCountry "NED"]
[SourceTitle "CBM 149 Extra"]
[Source "ChessBase"]
[SourceDate "2012.08.24"]
[SourceVersion "1"]
[SourceVersionDate "2012.08.24"]
[SourceQuality "1"]

1. d4 d5 2. c4 dxc4 3. Nf3 e6 4. e3 c5 5. Bxc4 Nf6 6. Qe2 cxd4 7. exd4 Bb4+ 8. Nc3 0-0 9. 0-0 Nc6 10. Rd1 Nd5 11. Bg5 Nxc3 12. bxc3 Be7 13. Bxe7 Qxe7 14. Qe4 Bd7 15. Bd3 g6 16. h4 Rae8 17. Rab1 Nd8 18. Qf4 f6 19. Re1 Bc6 20. Bc4 Qg7 21. Re3 Kh8 22. Qg3 Qd7 23. Rbe1 b5 24. Bb3 a5 25. a3 Bd5 26. Ne5 fxe5 27. Qxe5+ Kg8 28. Bxd5 exd5 29. Qxe8 Rxe8 30. Rxe8+ Kf7 31. Rh8 Ne6 32. Rxh7+ Ng7 33. h5 gxh5 34. Re5 Kg6 35. Rexh5 Qg4 36. R5h6+ Kf5 37. Rh3 Qd1+ 38. Kh2 Kg6 39. R3h6+ Kf7 40. Rh3 Kg6 41. R3h6+ Kf7 42. Rh3 Kg6 1/2-1/2

[Event "Utrecht OKU op 39th"]
[Site "Utrecht"]
[Date "2012.06.09"]
[Round "3"]
[White "Sparreboom, Willem"]
[Black "Balje, Jan"]
[Result "1/2-1/2"]
[WhiteElo "1964"]
[BlackElo "2175"]
[PlyCount "123"]
[EventDate "2012.06.08"]
[EventType "swiss"]
[EventRounds "6"]
[EventCountry "NED"]
[SourceTitle "CBM 148 Extra"]
[Source "ChessBase"]
[SourceDate "2012.06.22"]
[SourceVersion "1"]
[SourceVersionDate "2012.06.22"]
[SourceQuality "1"]

1. d4 d5 2. Nf3 Nf6 3. c4 c6 4. Nc3 dxc4 5. a4 Bf5 6. e3 e6 7. Bxc4 Bb4 8. 0-0 0-0 9. Ne5 Nbd7 10. Qe2 Qa5 11. Nxd7 Nxd7 12. e4 Bg6 13. f4 Nf6 14. Bd3 Rad8 15. e5 Bxc3 16. bxc3 Qxc3 17. Bxg6 Qxa1 18. Bb2 Qxa4 19. Bc2 Qb4 20. exf6 g6 21. Ba1 Rxd4 22. Bxd4 Qxd4+ 23. Qf2 Qxf6 24. Qxa7 Rd8 25. Qa1 Qxa1 26. Rxa1 Rd2 27. Be4 f5 28. Bf3 Rb2 29. Ra8+ Kf7 30. Rb8 Rb5 31. Kf2 Kf6 32. h4 e5 33. fxe5+ Kxe5 34. Rh8 h5 35. Rh6 Rb2+ 36. Kg1 Rb4 37. Rxg6 Rxh4 38. Rh6 Rb4 39. Rxh5 Kf6 40. Rh7 Ke5 41. Kf2 Rb3 42. Ke2 Kd4 43. Rd7+ Ke5 44. Kd2 Rb5 45. Kc3 b6 46. Rc7 Rc5+ 47. Kd3 Kd6 48. Rc8 b5 49. Re8 Rc4 50. Rc8 Kd7 51. Rh8 Kd6 52. Rh6+ Kd7 53. Rf6 Rc5 54. Kd4 Rc4+ 55. Ke5 b4 56. Rf7+ Kc8 57. Kxf5 b3 58. Be2 b2 59. Bd3 Rc1 60. g4 Rd1 61. Be4 Re1 62. Bd3 1/2-1/2

[Event "Vlissingen HZ op 14th"]
[Site "Vlissingen"]
[Date "2010.08.12"]
[Round "7"]
[White "Van Veen, Oscar"]
[Black "Sparreboom, Willem"]
[Result "1-0"]
[WhiteElo "2199"]
[BlackElo "1974"]
[PlyCount "67"]
[EventDate "2010.08.07"]
[EventType "swiss"]
[EventRounds "9"]
[EventCountry "NED"]
[SourceTitle "CBM 137 Extra"]
[Source "ChessBase"]
[SourceDate "2010.09.01"]
[SourceVersion "1"]
[SourceVersionDate "2010.09.01"]
[SourceQuality "1"]

1. e4 e6 2. d4 d5 3. Nd2 Be7 4. Ngf3 c5 5. exd5 exd5 6. Bb5+ Bd7 7. Bxd7+ Nxd7 8. 0-0 Ngf6 9. dxc5 Nxc5 10. Nb3 0-0 11. Be3 Qc7 12. Nfd4 Nfe4 13. Nf5 Bf6 14. Nxc5 Nxc5 15. Bd4 Bxd4 16. Nxd4 Rfe8 17. Qd2 Ne4 18. Qd3 Re5 19. Nf3 Rf5 20. Rfe1 Rc8 21. Rad1 h5 22. Re2 Qf4 23. h3 g5 24. Nd4 Rf6 25. Qf3 Qc7 26. Qxh5 Kg7 27. g3 Qb6 28. c3 Qa6 29. Rxe4 dxe4 30. Qxg5+ Kf8 31. Nf5 Rxf5 32. Qxf5 Re8 33. Rd7 Qxa2 34. Qh7 1-0

[Event "Vlissingen HZ op 14th"]
[Site "Vlissingen"]
[Date "2010.08.11"]
[Round "6"]
[White "Vroombout, Enrico"]
[Black "Sparreboom, Willem"]
[Result "1/2-1/2"]
[WhiteElo "2141"]
[BlackElo "1974"]
[PlyCount "74"]
[EventDate "2010.08.07"]
[EventType "swiss"]
[EventRounds "9"]
[EventCountry "NED"]
[SourceTitle "CBM 137 Extra"]
[Source "ChessBase"]
[SourceDate "2010.09.01"]
[SourceVersion "1"]
[SourceVersionDate "2010.09.01"]
[SourceQuality "1"]

1. e4 e6 2. d4 d5 3. Nc3 Nf6 4. e5 Nfd7 5. f4 c5 6. Nf3 Nc6 7. Be3 a6 8. Qd2 b5 9. g3 Bb7 10. Bh3 Qc7 11. 0-0 cxd4 12. Nxd4 Nxd4 13. Bxd4 Bc5 14. Ne2 0-0-0 15. c3 Kb8 16. a4 bxa4 17. Rxa4 g5 18. Rfa1 Nb6 19. R4a2 Nc4 20. Qd3 gxf4 21. gxf4 Qe7 22. b3 Na3 23. Rxa3 Bxa3 24. b4 Bxb4 25. cxb4 Qxb4 26. f5 Rhg8+ 27. Kh1 Qc4 28. Qe3 Qc2 29. fxe6 Qe4+ 30. Qxe4 dxe4 31. Rb1 fxe6 32. Bxe6 Rg7 33. Bf5 e3+ 34. Rxb7+ Kxb7 35. e6 Rxd4 36. Nxd4 Kc7 37. Bd3 Re7 1/2-1/2

[Event "Vlissingen HZ op 13th"]
[Site "Vlissingen"]
[Date "2009.08.02"]
[Round "3"]
[White "Colijn, Stefan"]
[Black "Sparreboom, Willem"]
[Result "1-0"]
[WhiteElo "2187"]
[BlackElo "1977"]
[PlyCount "53"]
[EventDate "2009.08.01"]
[EventType "swiss"]
[EventRounds "9"]
[EventCountry "NED"]
[SourceTitle "CBM 131 Extra"]
[Source "ChessBase"]
[SourceDate "2009.09.03"]
[SourceVersion "2"]
[SourceVersionDate "2009.09.16"]
[SourceQuality "1"]

1. e4 e6 2. d4 d5 3. Bd3 Nf6 4. e5 Nfd7 5. c3 c5 6. Nf3 Nc6 7. Nbd2 Qb6 8. 0-0 cxd4 9. cxd4 Nxd4 10. Nxd4 Qxd4 11. Nf3 Qb6 12. a3 Be7 13. Qa4 0-0 14. Qg4 f5 15. exf6 Nxf6 16. Qh4 Qd8 17. Bg5 h6 18. Rae1 Bd7 19. Re5 Re8 20. Bxh6 Ne4 21. Qg4 Bf6 22. Bxe4 dxe4 23. Rxe4 e5 24. Qg6 Qc8 25. Ng5 Bf5 26. Qf7+ Kh8 27. Bxg7+ 1-0

[Event "Vlissingen HZ op 13th"]
[Site "Vlissingen"]
[Date "2009.08.01"]
[Round "1"]
[White "Sparreboom, Willem"]
[Black "Beliavsky, Alexander G"]
[Result "0-1"]
[WhiteElo "1977"]
[BlackElo "2662"]
[PlyCount "32"]
[EventDate "2009.08.01"]
[EventType "swiss"]
[EventRounds "9"]
[EventCountry "NED"]
[SourceTitle "CBM 131 Extra"]
[Source "ChessBase"]
[SourceDate "2009.09.03"]
[SourceVersion "2"]
[SourceVersionDate "2009.09.16"]
[SourceQuality "1"]

1. d4 Nf6 2. Nf3 e6 3. c4 c5 4. d5 b5 5. dxe6 fxe6 6. Bg5 bxc4 7. e3 d5 8. Nc3 Be7 9. Be2 0-0 10. 0-0 Nc6 11. Bf4 d4 12. exd4 cxd4 13. Qa4 Bd7 14. Nb5 d3 15. Bd1 Nd5 16. Bd6 a6 0-1

[Event "La Laguna op 2nd"]
[Site "La Laguna"]
[Date "2008.04.23"]
[Round "3"]
[White "Rausis, Igors"]
[Black "Sparreboom, Willem"]
[Result "1-0"]
[WhiteElo "2512"]
[BlackElo "1980"]
[PlyCount "37"]
[EventDate "2008.04.21"]
[EventType "swiss"]
[EventRounds "9"]
[EventCountry "ESP"]
[SourceTitle "CBM 123 Extra"]
[Source "ChessBase"]
[SourceDate "2008.05.06"]
[SourceVersion "1"]
[SourceVersionDate "2008.05.06"]
[SourceQuality "1"]

1. Nf3 d5 2. g3 Bf5 3. c4 c6 4. Bg2 Nf6 5. 0-0 e6 6. d3 h6 7. Be3 Nbd7 8. Qb3 Qc7 9. Rc1 dxc4 10. Qxc4 Nd5 11. Bd4 N5b6 12. Qc3 Nf6 13. Bxf6 Nd5 14. Qe5 gxf6 15. Qd4 Qd8 16. e4 e5 17. Nxe5 fxe5 18. Qxe5+ Be7 19. exf5 1-0

[Event "Vlissingen HZ op 11th"]
[Site "Vlissingen"]
[Date "2007.08.07"]
[Round "5"]
[White "Piket, Joop J"]
[Black "Sparreboom, Willem"]
[Result "1-0"]
[WhiteElo "2216"]
[BlackElo "1984"]
[PlyCount "87"]
[EventDate "2007.08.04"]
[EventType "swiss"]
[EventRounds "9"]
[EventCountry "NED"]
[SourceTitle "CBM 119 Extra"]
[Source "ChessBase"]
[SourceDate "2007.09.04"]
[SourceVersion "1"]
[SourceVersionDate "2007.09.04"]
[SourceQuality "1"]

1. d4 d5 2. Bg5 Nd7 3. Nf3 Ngf6 4. e3 e6 5. c4 Be7 6. Nc3 a6 7. c5 b6 8. b4 Bb7 9. a3 h6 10. Bf4 Ne4 11. Nxe4 dxe4 12. Nd2 bxc5 13. bxc5 e5 14. Bxe5 Nxe5 15. dxe5 0-0 16. Qc2 Qd5 17. Rc1 Rad8 18. Qc3 Bxc5 19. Bc4 Qxd2+ 20. Qxd2 Rxd2 21. Kxd2 Bxa3 22. Rb1 Rd8+ 23. Kc3 Bd5 24. Rhd1 c6 25. Ra1 Be7 26. Rxa6 Kf8 27. Bxd5 cxd5 28. Ra5 f6 29. Raxd5 Rc8+ 30. Kd2 Kf7 31. exf6 Bxf6 32. Rc1 Ra8 33. g3 Kg6 34. Rc4 Re8 35. h4 Kf7 36. Rf5 g5 37. hxg5 hxg5 38. Rc6 Re6 39. Rxe6 Kxe6 40. g4 Bd8 41. Kc2 Be7 42. Kb3 Bd8 43. Kc4 Be7 44. Kd4 1-0

[Event "Vlissingen HZ op 11th"]
[Site "Vlissingen"]
[Date "2007.08.05"]
[Round "2"]
[White "Sparreboom, Willem"]
[Black "Tiggelman, Rene"]
[Result "0-1"]
[WhiteElo "1984"]
[BlackElo "2210"]
[PlyCount "96"]
[EventDate "2007.08.04"]
[EventType "swiss"]
[EventRounds "9"]
[EventCountry "NED"]
[SourceTitle "CBM 119 Extra"]
[Source "ChessBase"]
[SourceDate "2007.09.04"]
[SourceVersion "1"]
[SourceVersionDate "2007.09.04"]
[SourceQuality "1"]

1. d4 Nf6 2. c4 g6 3. Nc3 d5 4. cxd5 Nxd5 5. e4 Nxc3 6. bxc3 Bg7 7. Bc4 c5 8. Ne2 Nc6 9. Be3 0-0 10. 0-0 Bd7 11. Kh1 Na5 12. Bd3 cxd4 13. cxd4 Rc8 14. Rc1 Rxc1 15. Qxc1 b5 16. d5 a6 17. Qa3 f5 18. Bc5 fxe4 19. Bxe4 Nc4 20. Qd3 Bf5 21. Ng3 Qc7 22. Bd4 Ne5 23. Qc3 Qxc3 24. Bxc3 Bd7 25. Bb4 Kf7 26. Bc2 Rc8 27. Bb3 Nd3 28. Bc2 Nc5 29. Bd1 a5 30. Bxa5 Ra8 31. Bb6 Na4 32. Be3 Nc3 33. Bb3 Nxa2 34. Ne4 Ra3 35. Nc5 Ke8 36. h3 Nc3 37. Re1 Na4 38. Bxa4 bxa4 39. Nxd7 Kxd7 40. Bc5 Ra1 41. Rxa1 Bxa1 42. Ba3 Be5 43. Kg1 Bd6 44. Bb2 a3 45. Bc3 e6 46. Kf1 exd5 47. g3 Ke6 48. f4 Be7 0-1

[Event "Calvia op 3rd"]
[Site "Calvia"]
[Date "2006.10.20"]
[Round "1"]
[White "Sparreboom, Willem"]
[Black "Gonzales, Jayson"]
[Result "0-1"]
[WhiteElo "1993"]
[BlackElo "2418"]
[PlyCount "78"]
[EventDate "2006.10.20"]
[EventType "swiss"]
[EventRounds "9"]
[EventCountry "ESP"]
[SourceTitle "EXT 2007"]
[Source "ChessBase"]
[SourceDate "2006.11.23"]
[SourceVersion "1"]
[SourceVersionDate "2006.11.23"]
[SourceQuality "1"]

1. d4 Nc6 2. Nf3 d6 3. c4 Bg4 4. e3 e5 5. Be2 Nf6 6. d5 Ne7 7. Nc3 a5 8. e4 Ng6 9. Bg5 Be7 10. Nd2 Bxe2 11. Qxe2 Nxd5 12. Nxd5 Bxg5 13. g3 c6 14. Ne3 Ne7 15. 0-0 0-0 16. Nb3 Bxe3 17. Qxe3 f5 18. Rad1 f4 19. Qd3 Rf6 20. c5 d5 21. Qc3 d4 22. Qc4+ Kh8 23. f3 h5 24. Kf2 Qd7 25. Rg1 fxg3+ 26. Rxg3 h4 27. Rg4 Raf8 28. Rxh4+ Rh6 29. Rxh6+ gxh6 30. Nd2 Qh3 31. Rh1 Ng6 32. Qf1 Qe6 33. Qc4 Qf6 34. Ke1 Nf4 35. Rg1 Nh3 36. Rg2 Ng5 37. Rf2 Qf4 38. Qd3 Ne6 39. b4 Qe3+ 0-1

[Event "Vlissingen HZ op 09th"]
[Site "Vlissingen"]
[Date "2005.08.07"]
[Round "2"]
[White "Sparreboom, Willem"]
[Black "Doggers, Peter"]
[Result "0-1"]
[WhiteElo "2036"]
[BlackElo "2249"]
[PlyCount "70"]
[EventDate "2005.08.06"]
[EventType "swiss"]
[EventRounds "9"]
[EventCountry "NED"]
[SourceTitle "CBM 107 Extra"]
[Source "ChessBase"]
[SourceDate "2005.09.01"]
[SourceVersion "1"]
[SourceVersionDate "2005.09.01"]
[SourceQuality "1"]

1. d4 Nf6 2. c4 g6 3. Nc3 Bg7 4. e4 d6 5. f4 0-0 6. Nf3 c5 7. d5 e6 8. Be2 exd5 9. cxd5 Bg4 10. 0-0 Nbd7 11. h3 Bxf3 12. Bxf3 Re8 13. Qc2 Qa5 14. Bd2 b5 15. e5 dxe5 16. Ne4 Qb6 17. Nxf6+ Nxf6 18. fxe5 Rxe5 19. Bf4 Ree8 20. d6 Rad8 21. Rad1 c4+ 22. Kh1 a6 23. g4 Kh8 24. Qh2 Qc5 25. Qg2 Nd7 26. Bc6 Rf8 27. Bd5 Ne5 28. Bxe5 Bxe5 29. Rxf7 Qxd6 30. Rff1 Rxf1+ 31. Qxf1 Bxb2 32. Bf3 Bd4 33. Qg2 Rf8 34. a3 Qxa3 35. Rxd4 Qxf3 0-1

[Event "Vlissingen HZ op 08th"]
[Site "Vlissingen"]
[Date "2004.08.10"]
[Round "5"]
[White "Sparreboom, Willem"]
[Black "Peschel, Andreas"]
[Result "0-1"]
[WhiteElo "2035"]
[BlackElo "2174"]
[PlyCount "50"]
[EventDate "2004.08.07"]
[EventType "swiss"]
[EventRounds "9"]
[EventCountry "NED"]
[SourceTitle "CBM 101 Extra"]
[Source "ChessBase"]
[SourceDate "2004.09.01"]
[SourceVersion "2"]
[SourceVersionDate "2004.09.01"]
[SourceQuality "1"]

1. d4 d5 2. c4 e6 3. Nc3 c6 4. Nf3 Nf6 5. cxd5 exd5 6. Bg5 Be7 7. Qc2 h6 8. Bxf6 Bxf6 9. e3 0-0 10. Bd3 Bg4 11. Nd2 c5 12. dxc5 d4 13. Nce4 dxe3 14. Nxf6+ Qxf6 15. Ne4 Qd4 16. f3 Nc6 17. 0-0-0 Be6 18. Ng5 hxg5 19. Bh7+ Kh8 20. Rxd4 Nxd4 21. Qd3 Rad8 22. Qxe3 Kxh7 23. g4 Bxa2 24. h4 Rfe8 25. Qxg5 Rd5 0-1

[Event "Vlissingen HZ op 08th"]
[Site "Vlissingen"]
[Date "2004.08.09"]
[Round "4"]
[White "Schiffers, Sascha"]
[Black "Sparreboom, Willem"]
[Result "0-1"]
[WhiteElo "2210"]
[BlackElo "2035"]
[PlyCount "96"]
[EventDate "2004.08.07"]
[EventType "swiss"]
[EventRounds "9"]
[EventCountry "NED"]
[SourceTitle "CBM 101 Extra"]
[Source "ChessBase"]
[SourceDate "2004.09.01"]
[SourceVersion "2"]
[SourceVersionDate "2004.09.01"]
[SourceQuality "1"]

1. e4 e6 2. d4 d5 3. Nd2 a6 4. c3 c5 5. Ne2 Nc6 6. g3 cxd4 7. cxd4 Bb4 8. a3 Bxd2+ 9. Bxd2 dxe4 10. Be3 Nf6 11. Bg2 Qa5+ 12. Nc3 0-0 13. 0-0 Rd8 14. Nxe4 Nxe4 15. Bxe4 Qb5 16. a4 Qb4 17. Qh5 f5 18. Bg2 Bd7 19. d5 Be8 20. Qh3 exd5 21. Qxf5 d4 22. Bg5 Bg6 23. Qe6+ Bf7 24. Qg4 Re8 25. Rfd1 Be6 26. Qh4 Bb3 27. Rf1 Ne5 28. Ra3 Ng6 29. Qh5 Re5 30. f4 Re1 31. Qf3 Rxf1+ 32. Bxf1 Bf7 33. f5 Ne5 34. Qf2 Re8 35. Bf4 Ng4 36. Qd2 Qc5 37. Rd3 Rd8 38. h3 Nf6 39. Kh2 Bc4 40. Rf3 Bxf1 41. Rxf1 Qc4 42. Re1 Qxa4 43. Qd1 Qb4 44. Qd2 Qb5 45. Be5 d3 46. b4 Rc8 47. Bc3 Qxf5 48. Re3 Rxc3 0-1

[Event "Vlissingen HZ op 08th"]
[Site "Vlissingen"]
[Date "2004.08.08"]
[Round "2"]
[White "Dogge, Marc"]
[Black "Sparreboom, Willem"]
[Result "0-1"]
[WhiteElo "2248"]
[BlackElo "2035"]
[PlyCount "106"]
[EventDate "2004.08.07"]
[EventType "swiss"]
[EventRounds "9"]
[EventCountry "NED"]
[SourceTitle "CBM 101 Extra"]
[Source "ChessBase"]
[SourceDate "2004.09.01"]
[SourceVersion "2"]
[SourceVersionDate "2004.09.01"]
[SourceQuality "1"]

1. e4 e6 2. d4 d5 3. Nc3 Bb4 4. e5 c5 5. a3 Bxc3+ 6. bxc3 Qa5 7. Bd2 Ne7 8. h4 Nbc6 9. h5 Qc7 10. h6 cxd4 11. Ne2 dxc3 12. Bg5 g6 13. Bf6 Rg8 14. f4 Nf5 15. Qd3 Qb6 16. Rh3 Bd7 17. Rd1 Rc8 18. g4 Nfe7 19. Nxc3 Na5 20. Rg3 Nc4 21. Rb1 Qc7 22. a4 a6 23. Bg2 Bc6 24. Kf2 Qa5 25. Qd4 b6 26. Bf1 Bd7 27. Kg1 Qc5 28. Qxc5 Rxc5 29. Bxc4 Rxc4 30. Rxb6 Bc8 31. Rf3 Nc6 32. Kh1 Kd7 33. Rb2 Kc7 34. Nd1 Bd7 35. Ne3 Rxa4 36. g5 Rb8 37. Rxb8 Nxb8 38. Be7 Bc6 39. Bd6+ Kc8 40. Ng4 d4 41. Kg2 Bxf3+ 42. Kxf3 Nd7 43. Ke4 d3+ 44. Kxd3 Rxf4 45. Ne3 Rf3 46. Ke4 Rg3 47. Be7 Kc7 48. Kf4 Rh3 49. c4 Kc6 50. Ke4 a5 51. Nc2 Rh4+ 52. Ke3 Rxc4 53. Nd4+ Kd5 0-1

[Event "Haarlem Nova College op 3rd"]
[Site "Haarlem"]
[Date "2004.07.04"]
[Round "6"]
[White "Goormachtigh, Johan"]
[Black "Sparreboom, Willem"]
[Result "1-0"]
[WhiteElo "2279"]
[BlackElo "2035"]
[PlyCount "91"]
[EventDate "2004.07.02"]
[EventType "swiss"]
[EventRounds "6"]
[EventCountry "NED"]
[SourceTitle "CBM 101 Extra"]
[Source "ChessBase"]
[SourceDate "2004.09.01"]
[SourceVersion "2"]
[SourceVersionDate "2004.09.01"]
[SourceQuality "1"]

1. d4 d5 2. c4 dxc4 3. e3 Nf6 4. Bxc4 e6 5. Nf3 a6 6. 0-0 b5 7. Bd3 Bb7 8. Qe2 Nbd7 9. a4 b4 10. Nbd2 c5 11. Nc4 Be7 12. a5 0-0 13. Bd2 Qc7 14. Nfe5 Rfd8 15. Rfc1 Nxe5 16. Nxe5 Bd6 17. Bxb4 Bxe5 18. dxe5 Qxe5 19. Rxc5 Qd6 20. Rd1 Be4 21. Bc2 Qb8 22. Bc3 Rxd1+ 23. Qxd1 Bxc2 24. Qxc2 Nd5 25. e4 Nxc3 26. Qxc3 Qd8 27. g3 h6 28. Kg2 Kh7 29. Rc7 Kg6 30. h4 h5 31. Rc5 f6 32. Qc4 e5 33. Rc7 Qf8 34. Rc6 Rb8 35. Rb6 Rc8 36. Qxa6 Rc2 37. Qb5 Rc5 38. Qb4 Qc8 39. Rb8 Qc6 40. Rb6 Qc7 41. a6 Rc4 42. Qd6 Qc8 43. Qxe5 Rc5 44. Qf4 Re5 45. a7 Qa8 46. Qxe5 1-0

[Event "Haarlem Nova College op 3rd"]
[Site "Haarlem"]
[Date "2004.07.03"]
[Round "3"]
[White "Sparreboom, Willem"]
[Black "Karstens, Bart"]
[Result "0-1"]
[WhiteElo "2035"]
[BlackElo "2239"]
[PlyCount "98"]
[EventDate "2004.07.02"]
[EventType "swiss"]
[EventRounds "6"]
[EventCountry "NED"]
[SourceTitle "CBM 101 Extra"]
[Source "ChessBase"]
[SourceDate "2004.09.01"]
[SourceVersion "2"]
[SourceVersionDate "2004.09.01"]
[SourceQuality "1"]

1. d4 Nf6 2. c4 e6 3. Nc3 Bb4 4. Qc2 c5 5. e3 Nc6 6. a3 Bxc3+ 7. bxc3 0-0 8. Bd3 b6 9. Nf3 d6 10. e4 e5 11. 0-0 Bg4 12. dxc5 dxc5 13. Bg5 h6 14. Bh4 Bxf3 15. gxf3 g5 16. Bg3 Nh5 17. Be2 Qf6 18. Rfd1 Rfd8 19. Rd5 Nf4 20. Rxd8+ Rxd8 21. Rd1 Rd6 22. Bf1 Ng6 23. h3 Qd8 24. Rd5 Nf4 25. Bxf4 gxf4 26. Kh2 Ne7 27. Rxe5 Rd2 28. Qc1 Rd1 29. Qxf4 Ng6 30. Qg3 Rxf1 31. Rd5 Qh4 32. Qxh4 Nxh4 33. Kg3 Ng6 34. Rd7 Rg1+ 35. Kh2 Rg5 36. h4 Nxh4 37. f4 Rg4 38. Rxa7 Rxf4 39. Ra8+ Kg7 40. Re8 Rf6 41. Kg3 Ng6 42. a4 h5 43. a5 h4+ 44. Kg2 bxa5 45. Ra8 Nf4+ 46. Kh2 Nd3 47. Rxa5 Rxf2+ 48. Kh3 Rf4 49. Ra2 Nf2+ 0-1